| 000 | 00407nam a2200157 i 4500 | ||
|---|---|---|---|
| 001 | 96792 | ||
| 003 | ES-MaACL | ||
| 005 | 20230906181958.0 | ||
| 007 | t| | ||
| 008 | 050701s1967 sp ||||1| spa d | ||
| 100 | 1 |
_aMann, Golo. _976048 |
|
| 245 | 1 | 0 |
_aLibertad e historia / _cGolo Mann. |
| 260 |
_aMadrid : _bEditora Nacional, _c1967. |
||
| 300 |
_a65 p. ; _c19 cm. |
||
| 852 |
_aES-MaACL _jC-33812 _bR.64732 |
||
| 999 |
_c96792 _d96792 |
||